| 000 | 00478pab a2200181 454500 | ||
|---|---|---|---|
| 008 | 180718b2012 xxu||||| |||| 00| 0 eng d | ||
| 100 | _aArora, Renu | ||
| 245 | _aCredit risk management by Indian banks - The legal perspective | ||
| 260 | _c2012 | ||
| 300 | _ap.127-139. | ||
| 362 | _aJan-Jun | ||
| 650 | _aBanks - India | ||
| 650 | _aCredit - India | ||
| 650 | _aCredit | ||
| 773 | _aJournal of Constitutional and Parliamentary Studies | ||
| 908 | _aN | ||
| 909 | _a98419 | ||
| 999 |
_c98418 _d98418 |
||